000 00692nam a2200253Ia 4500
003 OSt
005 20220918190916.0
006 a|||||r|||| 00| 0
007 ta
008 220917b |||||||| |||| 00| 0 eng d
024 _a60,354
037 _cTextual
040 _aARTS
_cARTS
_beng
041 _2eng
_aeng
082 _aQ4:51, L5
100 _aNagarjuna
245 0 _aGolden Zephyr a leter to a friend
_b tr from the Tibetan by Leslie Kawamura
260 _aCalifornia
_bDharma Pub
_c1975
300 _axx,165p.
_ccm.
490 _aTibetan Translation series
650 _aRELIGION
942 _hQ4:51, L5
_cTEXL
_2CC
999 _c187305
_d187305